| 000 | 00684nam a2200217Ia 4500 | ||
|---|---|---|---|
| 003 | GCL | ||
| 008 | 140319s9999 xx 000 0 ara d | ||
| 020 | _a5101320977 | ||
| 040 |
_aGCL / _cGCL |
||
| 082 | 0 | 4 |
_a418.02 _bم ا |
| 100 | 1 | _aمحمود فوزي المناوى | |
| 245 | 1 | 0 |
_aازمة التعريب / _cمحمود فوزي المناوى |
| 250 | _aالاولى | ||
| 260 |
_aالقاهرة : _bمركز الاهرام للترجمة والنشر ، _c2003 |
||
| 300 |
_a507 ص ؛ _c24 سم |
||
| 650 | 0 | 4 | _aالترجمة العربية |
| 650 | 0 | 4 | _aاللغة العربية |
| 650 | 0 | 4 | _aالترجمة |
| 650 | 0 | 4 | _aالقران - ترجمة |
| 942 |
_2ddc _cBK |
||
| 999 |
_c6505 _d6505 |
||